The picture of Dorian Gray /

Bibliographic Details
Main Author: Wilde, Oscar, 1854-1900
Other Authors: Mighall, Robert
Format: Book
Language:English
Published: London ; New York : Penguin ; Chartwell Books, 2000, c2025.
Series:Penguin classics
Subjects:
Classic Catalogue: View this record in Classic Catalogue
LEADER 01722nam a2200337 a 4500
001 11783
003 BD-DhAAL
005 20260217115214.0
008 090723t20002025enk b 000 1 eng d
010 |a  2003267607 
020 |a 97807785847151 
020 |a 0140437843 
040 |a DLC  |c DLC  |d DLC  |d BD-DhAAL 
082 0 0 |a 823/.8  |2 21 
100 1 |a Wilde, Oscar,  |d 1854-1900. 
245 1 4 |a The picture of Dorian Gray /  |c Oscar Wilde ; edited with an introduction and notes by Robert Mighall. 
260 |a London ;  |a New York :  |b Penguin ;  |b Chartwell Books,  |c 2000, c2025. 
300 |a xliii, 252 pages,  |a xvi, 224 pages ;  |c 20 cm. 
490 0 |a Penguin classics 
504 |a Includes bibliographical references (p. xxxviii-xlii). 
541 1 |a Donated by Farhana Zahir, Assistant Professor, BRAC Business School, BRAC University  |e 00011783, 45306 
650 0 |a Conduct of life  |v Fiction. 
650 0 |a Youthfulness  |v Fiction.  |9 60264 
650 0 |a Portraits  |v Fiction.  |9 60265 
655 7 |a Didactic fiction.  |2 gsafd  |9 7142 
700 1 |a Mighall, Robert.  |9 60266 
852 4 |a Ayesha Abed Library  |c General shelf. 
942 0 0 |0 1  |2 ddc  |c BK 
999 |c 2782  |d 2782 
952 |0 0  |1 0  |2 ddc  |4 0  |6 823_800000000000000_WIL  |7 0  |9 2556  |a BRACUL  |b BRACUL  |c GEN  |d 2009-07-23  |g 300.00  |l 20  |m 141  |o 823.8 WIL  |p 3010011783  |r 2026-04-02  |s 2026-03-01  |t 1  |v 600.00  |w 2009-07-23  |y BK  |x USD-3.50 
952 |0 0  |1 0  |2 ddc  |4 0  |6 823_800000000000000_WIL  |7 0  |9 78813  |a BRACUL  |b BRACUL  |c NEW  |d 2009-07-23  |e Donated by Farhana Zahir, Assistant Professor, BRAC Business School, BRAC University  |g 300.00  |l 2  |m 6  |o 823.8 WIL  |p 3010045306  |q 2026-05-20  |r 2026-04-11  |s 2026-04-11  |t 2  |v 600.00  |w 2009-07-23  |y BK  |x Donated by Farhana Zahir, Assistant Professor, BRAC Business School, BRAC University; USD-3.50